Cartas a un caballero ruso sobre la inquisición en España
Guardat en:
| Autor principal: | |
|---|---|
| Format: | Llibre |
| Idioma: | espanyol |
| Publicat: |
Buenos Aires
C.E.P.A
1941
|
| Col·lecció: | Gladium
|
| Matèries: | |
| Etiquetes: |
Afegir etiqueta
Sense etiquetes, Sigues el primer a etiquetar aquest registre!
|
MARC
| LEADER | 00000nam a2200000 a 4500 | ||
|---|---|---|---|
| 001 | UCP5475 | ||
| 003 | CL-VaPUC | ||
| 008 | 990910e19410000AG |||||||||||||||||spa|d | ||
| 082 | 0 | 4 | |a 272.2 |b MAI |2 21 |
| 100 | |a Maistre, Joseph-Marie de |e autor |9 433903 | ||
| 245 | 1 | 0 | |a Cartas a un caballero ruso sobre la inquisición en España |
| 300 | |a 127 p | ||
| 942 | |c BK | ||
| 945 | |d 19990910 00:00:00 |a crobeson | ||
| 260 | |a Buenos Aires |b C.E.P.A |c 1941 | ||
| 650 | 0 | |a Inquisición (Iglesia Católica) |9 258578 | |
| 650 | 7 | |a PERSECUCIONES RELIGIOSAS |2 CL-VaPUC |9 433904 | |
| 650 | 0 | |a Cartas |9 321777 | |
| 651 | 0 | |a España |9 254926 | |
| 583 | |a last modification |c 19990910 00:00:00 |k Rodrigo Vera | ||
| 490 | 0 | |a Gladium | |
| 999 | |c 283220 |d 283218 | ||
| 952 | |0 0 |1 0 |4 0 |6 272_200000000000000_MAI_1941 |7 0 |8 X |9 326119 |a BIBHIS |b BIBHIS |d 2019-11-20 |i 1357638 |o 272.2 MAI 1941 |p 1357638 |r 2024-01-30 |w 2019-11-20 |y BK_X |k HIS | ||